000 01213 a2200229 4500
003 Nust
005 20221201111609.0
010 _a 2005042542
020 _a0387403469 (acid-free paper)
040 _cNust
082 0 0 _a535,CHA
100 1 _aChartier, Germain.
_9103876
245 1 0 _aIntroduction to optics /
_cGermain Chartier.
260 _aNew York :
_bSpringer,
_cc2005.
300 _axvii, 595 p. :
_bill. ;
_c25 cm.
440 0 _aAdvanced texts in physics
_910701
505 _aOrders of Magnitude in Optics (Page-1), Electromagentics Waves (Page-57), Geometrial Optics (Page-91), Polarized Light Lawas of Reflection (Page-149), Birefringence (Page-179), Interference (Page-259), Diffraction (Page-299), Index of Refraction (Page-351), Lasers (Page-379), Nolinear Optics (Page-449), Raman Brillouin Rayleigh Diffusion (Page-479),Guided Optics (Page-517), Fourier Analysis and Fourier Transform (Page-567).
_g
650 0 _aAlmirah No.45 and Shelf No .3
_9103877
856 4 2 _3Publisher description
_uhttp://www.loc.gov/catdir/enhancements/fy0662/2005042542-d.html
856 4 2 _3Table of contents only
_uhttp://www.loc.gov/catdir/enhancements/fy0818/2005042542-t.html
942 _2ddc
_cBK
_k535,CHA
999 _c189263
_d189263